000 00569nam a2200229Ia 4500
003 OSt
005 20221005120533.0
006 a|||||r|||| 00| 0
007 ta
008 221004b |||||||| |||| 00| 0 tam d
024 _a49022
037 _cTextual
040 _aCRL
_cCRL
_btam
041 _2tam
_atam
082 _aO31,3x, L8
100 _aSenthuramuthu
_9629306
245 0 _aEllakkiyarhil Tambiyar kathykal
260 _c1962
650 _aTAMIL FICTION
942 _hO31,3x, L8
_cTEXL
_2cc
999 _c1038369
_d1038369